00477 a2200169 450000100060000002000170000604000240002310000250004724000350007224500300010730000060013736200090014365000260015294200070017895201050018599900170029046846 a978578481353 cAnchieta - Aquarius aMarques, João Luiz10a=Os meninos da bibliotecalpor10a=Os meninos da biblioteca a 0 a2015 4aLiteratura brasileira cBK 00104070a87.1b87.1d2023-11-21l0o869.93 MAR OSMp5015/AQUr2023-11-21 15:13:33w2023-11-21yBK c46846d46846